[Event "1617LLO"]
[Site "Mecklenburg-Vorpommern"]
[Date "2017.02.26"]
[Round "6.1"]
[White "Hartung, Lothar"]
[Black "Voelschow, Siegfried"]
[Result "1/2-1/2"]
[WhiteElo "1799"]
[BlackElo "1938"]
[PlyCount "89"]
[EventDate "2016.11.06"]
[EventType "team-tourn"]
[EventRounds "9"]
[SourceDate "2016.10.16"]
[WhiteTeam "SG Neubrandenburg II"]
[BlackTeam "Waterkant Saal"]

1. d4 e6 2. Nf3 d5 3. Bf4 c5 4. e3 Nc6 5. c3 Nf6 6. Bd3 Be7 7. h3 O-O 8. Nbd2
b6 9. O-O Bb7 10. Ne5 Nxe5 11. dxe5 Ne4 12. Qc2 f5 13. Rad1 Qe8 14. Nxe4 fxe4
15. Be2 g5 16. Bg3 Qg6 17. f3 exf3 18. Qxg6+ hxg6 19. Bxf3 Rad8 20. Rd2 Kg7 21.
Rfd1 Bc8 22. Kh2 Rh8 23. b3 Rhf8 24. e4 dxe4 25. Bxe4 Rxd2 26. Rxd2 Rf1 27. c4
Ra1 28. Bf3 a6 29. Bf2 Rc1 30. Kg3 Rc3 31. Kg4 Kf7 32. Be4 b5 33. cxb5 axb5 34.
Rc2 Rxc2 35. Bxc2 Bb7 36. g3 Bg2 37. Bd3 b4 38. Be3 Kg7 39. h4 gxh4 40. gxh4
Kf7 41. Bg5 Bf8 42. Be3 Be7 43. Kg3 Bd5 44. Kg4 Bc6 45. Bc4 1/2-1/2

[Event "1617LLO"]
[Site "Mecklenburg-Vorpommern"]
[Date "2017.02.26"]
[Round "6.3"]
[White "Leisner, Ekkehardt"]
[Black "Wiese, Frank"]
[Result "1/2-1/2"]
[WhiteElo "1713"]
[BlackElo "1900"]
[PlyCount "97"]
[EventDate "2016.11.06"]
[EventType "team-tourn"]
[EventRounds "9"]
[SourceDate "2016.10.16"]
[WhiteTeam "SG Neubrandenburg II"]
[BlackTeam "Waterkant Saal"]

1. c4 f5 2. g3 Nf6 3. Bg2 g6 4. d3 Bg7 5. Nc3 c6 6. e4 d6 7. Nge2 e5 8. O-O O-O
9. h3 Na6 10. Be3 Be6 11. b3 Qd7 12. Kh2 f4 13. gxf4 exf4 14. Bxf4 Ng4+ 15.
hxg4 Bxc3 16. Nxc3 Rxf4 17. f3 Qe7 18. Kg3 g5 19. Ne2 Rf7 20. d4 Raf8 21. Qd2
c5 22. Rad1 Bc8 23. Rh1 Qf6 24. Rh5 h6 25. Rf1 Qg6 26. Rfh1 Rh7 27. Nc3 Nc7 28.
Rd1 Qf6 29. Nd5 Nxd5 30. cxd5 cxd4 31. Qxd4 Qf4+ 32. Kh3 Bd7 33. Qxa7 Be8 34.
Bh1 Bxh5 35. gxh5 Rc7 36. Qf2 Qxe4 37. Rd4 Qf5+ 38. Kg3 Rc2 39. Qe3 Qe5+ 40.
Qxe5 dxe5 41. Rb4 Rf7 42. a4 Rd2 43. Bg2 Rxd5 44. Bf1 Kg7 45. Bc4 Rd4 46. Rb6
Re7 47. Rg6+ Kh7 48. Bg8+ Kh8 49. Bc4 1/2-1/2

[Event "1617LLO"]
[Site "Mecklenburg-Vorpommern"]
[Date "2017.02.26"]
[Round "6.4"]
[White "Onasch, Gunnar"]
[Black "Buenz, Heinrich"]
[Result "1/2-1/2"]
[WhiteElo "1804"]
[BlackElo "1638"]
[PlyCount "97"]
[EventDate "2016.11.06"]
[EventType "team-tourn"]
[EventRounds "9"]
[SourceDate "2016.10.16"]
[WhiteTeam "Waterkant Saal"]
[BlackTeam "SG Neubrandenburg II"]

1. d4 Nf6 2. c4 e6 3. Nf3 Be7 4. Nc3 O-O 5. e4 d6 6. Bf4 Nbd7 7. Bd3 c5 8. e5
dxe5 9. dxe5 Nh5 10. Be3 g6 11. Qd2 f5 12. exf6 Ndxf6 13. O-O-O b6 14. Qc2 Qe8
15. Ne5 Bb7 16. Rhe1 Rd8 17. g4 Ng7 18. f4 Nd7 19. Ne4 Nxe5 20. fxe5 Rf3 21.
Qe2 Qf7 22. Bg5 Bxe4 23. Bxe7 Qf4+ 24. Qd2 Rdxd3 25. Qxf4 Rxf4 26. Rxd3 Bxd3
27. Kd2 Bxc4 28. b3 Bd5 29. h3 Rf3 30. Ke2 Rxh3 31. Rf1 h5 32. Rf8+ Kh7 33. g5
Rf3 34. Bf6 h4 35. Rf7 Kg8 36. Rxg7+ Kf8 37. Rxg6 h3 38. Rh6 Ke8 39. g6 Rg3 40.
Rh8+ Kd7 41. g7 Rg2+ 42. Ke3 h2 43. Rxh2 Rxh2 44. g8=Q Rxa2 45. Qd8+ Kc6 46.
Qe8+ Kb7 47. Qd7+ Ka6 48. Be7 Ra3 49. Qc8+ 1/2-1/2

[Event "1617LLO"]
[Site "Mecklenburg-Vorpommern"]
[Date "2017.02.26"]
[Round "6.5"]
[White "Friedrich, Joerg"]
[Black "Richter, Frank"]
[Result "0-1"]
[WhiteElo "1599"]
[BlackElo "1691"]
[PlyCount "68"]
[EventDate "2016.11.06"]
[EventType "team-tourn"]
[EventRounds "9"]
[SourceDate "2016.10.16"]
[WhiteTeam "SG Neubrandenburg II"]
[BlackTeam "Waterkant Saal"]

1. f4 d5 2. Nf3 g6 3. b3 Bg7 4. c3 Nf6 5. e3 O-O 6. Na3 Re8 7. Nc2 Nfd7 8. d4
c5 9. Be2 Nc6 10. O-O b6 11. Qe1 Bb7 12. g4 e6 13. Qg3 Rc8 14. g5 Ne7 15. c4
Nf5 16. Qf2 Qc7 17. Na3 a6 18. Rb1 dxc4 19. bxc4 Bxf3 20. Bxf3 cxd4 21. e4 Ne7
22. Bg4 Qc5 23. Bb2 d3 24. Bxg7 Qxf2+ 25. Rxf2 Kxg7 26. Rd2 Nc5 27. Rxb6 Rb8
28. Rdb2 Rxb6 29. Rxb6 Rd8 30. e5 Nf5 31. Kf2 Ne4+ 32. Kf3 Rd4 33. Bxf5 gxf5
34. Ke3 d2 0-1

[Event "1617LLO"]
[Site "Mecklenburg-Vorpommern"]
[Date "2017.02.26"]
[Round "6.6"]
[White "Ehmann, Roland"]
[Black "Dupke, Andreas"]
[Result "1-0"]
[WhiteElo "1540"]
[BlackElo "1762"]
[PlyCount "77"]
[EventDate "2016.11.06"]
[EventType "team-tourn"]
[EventRounds "9"]
[SourceDate "2016.10.16"]
[WhiteTeam "Waterkant Saal"]
[BlackTeam "SG Neubrandenburg II"]

1. d4 Nf6 2. Nf3 g6 3. g3 Bg7 4. Bg2 O-O 5. O-O d5 6. Re1 Ne4 7. Nbd2 Nd6 8.
Ne5 c6 9. c3 Nd7 10. Nd3 e5 11. dxe5 Nxe5 12. Nxe5 Bxe5 13. Nf3 Bg7 14. Qb3 Qb6
15. Be3 Qa5 16. Bd4 Bh6 17. Qd1 Nf5 18. b4 Qa3 19. Bf6 Re8 20. Nd4 Qxc3 21.
Nxf5 Qxf6 22. Nxh6+ Kg7 23. e4 Kxh6 24. exd5 Bf5 25. dxc6 bxc6 26. Qc1+ Kg7 27.
Qxc6 Rac8 28. Qxf6+ Kxf6 29. Rxe8 Rxe8 30. a4 Re2 31. b5 Bd3 32. Bf1 Rd2 33.
Bxd3 Rxd3 34. a5 Ke5 35. f4+ Kd5 36. b6 Kc6 37. Rc1+ Kb5 38. Rb1+ Ka6 39. b7
1-0

[Event "1617LLO"]
[Site "Mecklenburg-Vorpommern"]
[Date "2017.02.26"]
[Round "6.7"]
[White "Schulz, Daniel"]
[Black "Nickel, Udo"]
[Result "1-0"]
[WhiteElo "1589"]
[BlackElo "1633"]
[PlyCount "57"]
[EventDate "2016.11.06"]
[EventType "team-tourn"]
[EventRounds "9"]
[SourceDate "2016.10.16"]
[WhiteTeam "SG Neubrandenburg II"]
[BlackTeam "Waterkant Saal"]

1. e4 e6 2. d4 d5 3. exd5 exd5 4. Nf3 Bd6 5. c4 Bb4+ 6. Nc3 Nf6 7. Qb3 Nc6 8.
Be3 O-O 9. O-O-O Bxc3 10. Qxc3 dxc4 11. Bxc4 Nd5 12. Qd2 Nxe3 13. fxe3 Qe7 14.
Rhe1 Bg4 15. e4 Qb4 16. Qxb4 Nxb4 17. h3 Bh5 18. g4 Bg6 19. Ne5 Kh8 20. h4 f6
21. Nxg6+ hxg6 22. g5 Rad8 23. Rg1 b5 24. Bb3 Nc6 25. h5 Na5 26. Be6 Rd6 27. d5
Rxe6 28. dxe6 gxh5 29. e7 1-0

[Event "1617LLO"]
[Site "Mecklenburg-Vorpommern"]
[Date "2017.02.26"]
[Round "6.8"]
[White "Hiltner, Harald"]
[Black "Mueller, Sophie Charlotte"]
[Result "1-0"]
[WhiteElo "1518"]
[BlackElo "1122"]
[PlyCount "77"]
[EventDate "2016.11.06"]
[EventType "team-tourn"]
[EventRounds "9"]
[SourceDate "2016.10.16"]
[WhiteTeam "Waterkant Saal"]
[BlackTeam "SG Neubrandenburg II"]

1. e4 e5 2. Nf3 Nc6 3. d3 Bc5 4. Be3 Bb6 5. Nbd2 Ba5 6. Be2 Nf6 7. O-O h6 8.
Nc4 d6 9. c3 Bb6 10. a3 Be6 11. Nxb6 axb6 12. h3 O-O 13. Nh2 Na5 14. f4 c5 15.
f5 Bb3 16. Qe1 d5 17. Qg3 Re8 18. Bxh6 Kf8 19. Qxg7+ Ke7 20. Bg5 Kd7 21. Qxf6
Qxf6 22. Bxf6 Kd6 23. Nf3 Ba4 24. Ng5 Rf8 25. Bg7 Rg8 26. f6 Be8 27. Bh5 Kd7
28. Rf5 Nc6 29. Bxf7 Bxf7 30. Nxf7 Ke6 31. Nh6 Rgd8 32. Raf1 Ne7 33. fxe7 Kxe7
34. Rf7+ Ke8 35. R1f6 Rd6 36. Rxd6 b5 37. Re6+ Kd8 38. Bf6+ Kc8 39. Re8# 1-0

[Event "1617LLO"]
[Site "Mecklenburg-Vorpommern"]
[Date "2017.02.26"]
[Round "6.1"]
[White "Otto, Martin"]
[Black "Stork, Michael"]
[Result "1/2-1/2"]
[WhiteElo "1818"]
[BlackElo "2021"]
[PlyCount "23"]
[EventDate "2016.11.06"]
[EventType "team-tourn"]
[EventRounds "9"]
[SourceDate "2016.10.16"]
[WhiteTeam "SAV Torgelow-Droegeheide II"]
[BlackTeam "Waren/Malchow"]

1. Nf3 Nf6 2. g3 d5 3. Bg2 g6 4. O-O Bg7 5. d3 O-O 6. c3 c5 7. Qc2 Nc6 8. e4 e5
9. Re1 Re8 10. Bg5 h6 11. Bxf6 Bxf6 12. exd5 1/2-1/2

[Event "1617LLO"]
[Site "Mecklenburg-Vorpommern"]
[Date "2017.02.26"]
[Round "6.2"]
[White "Schumacher, Albrecht"]
[Black "Kilp, Gunnar"]
[Result "1/2-1/2"]
[WhiteElo "1961"]
[BlackElo "1664"]
[PlyCount "56"]
[EventDate "2016.11.06"]
[EventType "team-tourn"]
[EventRounds "9"]
[SourceDate "2016.10.16"]
[WhiteTeam "Waren/Malchow"]
[BlackTeam "SAV Torgelow-Droegeheide II"]

1. e4 c5 2. Nf3 Nc6 3. Bb5 g6 4. O-O Bg7 5. c3 a6 6. Ba4 b5 7. Bc2 Bb7 8. d4
cxd4 9. cxd4 Nb4 10. Bb3 e6 11. d5 a5 12. Nc3 Bxc3 13. bxc3 Na6 14. Qd4 f6 15.
dxe6 dxe6 16. Bxe6 Qxd4 17. Nxd4 Nc7 18. Bf4 Nxe6 19. Nxe6 Kf7 20. Nc5 Bc6 21.
Rfd1 Ne7 22. Rd6 Rhd8 23. Rad1 Rxd6 24. Rxd6 Rc8 25. f3 Bd5 26. Nd7 Be6 27. Bd2
Rc7 28. Nb6 Bxa2 1/2-1/2

[Event "1617LLO"]
[Site "Mecklenburg-Vorpommern"]
[Date "2017.02.26"]
[Round "6.3"]
[White "Bollnow, Alex"]
[Black "Arning, Norbert"]
[Result "0-1"]
[WhiteElo "1592"]
[BlackElo "1939"]
[PlyCount "68"]
[EventDate "2016.11.06"]
[EventType "team-tourn"]
[EventRounds "9"]
[SourceDate "2016.10.16"]
[WhiteTeam "SAV Torgelow-Droegeheide II"]
[BlackTeam "Waren/Malchow"]

1. e4 e5 2. Nf3 Nc6 3. Bb5 Nf6 4. O-O d6 5. d4 exd4 6. Nxd4 Bd7 7. c3 Be7 8.
Re1 O-O 9. Ba4 Ne5 10. Bxd7 Qxd7 11. Nd2 Nd3 12. Re2 d5 13. exd5 Nf4 14. Re1
Nd3 15. Re2 Nxd5 16. Ne4 Nxc1 17. Qxc1 c5 18. Nb3 Qf5 19. Qc2 b6 20. Rae1 Qg6
21. Ng3 Qxc2 22. Rxc2 Rfe8 23. Rce2 Kf8 24. Nd2 g6 25. Kf1 Rad8 26. Nf3 Bf6 27.
Ne4 Bg7 28. Nfg5 h6 29. Nh7+ Kg8 30. c4 Rxe4 31. Rxe4 Nb4 32. Re8+ Rxe8 33.
Rxe8+ Kxh7 34. Re7 Kg8 0-1

[Event "1617LLO"]
[Site "Mecklenburg-Vorpommern"]
[Date "2017.02.26"]
[Round "6.4"]
[White "Schmidt, Joerg"]
[Black "Schmekel, Felix"]
[Result "1-0"]
[WhiteElo "1878"]
[BlackElo "1641"]
[PlyCount "71"]
[EventDate "2016.11.06"]
[EventType "team-tourn"]
[EventRounds "9"]
[SourceDate "2016.10.16"]
[WhiteTeam "Waren/Malchow"]
[BlackTeam "SAV Torgelow-Droegeheide II"]

1. c4 g6 2. Nf3 Bg7 3. g3 d6 4. Bg2 e5 5. d3 Ne7 6. Nc3 O-O 7. O-O h6 8. Bd2 f5
9. b4 Kh7 10. Ne1 f4 11. Rb1 c6 12. b5 d5 13. bxc6 bxc6 14. cxd5 cxd5 15. Qb3
Be6 16. Nc2 Nbc6 17. Qa4 Qd7 18. Nb4 fxg3 19. hxg3 Rac8 20. Rfe1 Rf7 21. Na6
Rcf8 22. Nc5 Qc8 23. Nxe6 Qxe6 24. f3 Nf5 25. Qg4 d4 26. Ne4 Qxa2 27. Kf2 Nce7
28. Rh1 Nd5 29. Ra1 Qb3 30. Ng5+ Kg8 31. Nxf7 Rxf7 32. Qxg6 Nde3 33. Bh3 Qb2
34. Bxf5 Qxd2 35. Be6 Ng4+ 36. Qxg4 1-0

[Event "1617LLO"]
[Site "Mecklenburg-Vorpommern"]
[Date "2017.02.26"]
[Round "6.5"]
[White "Greinert, Timo"]
[Black "Hertel Mach, Frank"]
[Result "0-1"]
[WhiteElo "1805"]
[BlackElo "1807"]
[PlyCount "76"]
[EventDate "2016.11.06"]
[EventType "team-tourn"]
[EventRounds "9"]
[SourceDate "2016.10.16"]
[WhiteTeam "SAV Torgelow-Droegeheide II"]
[BlackTeam "Waren/Malchow"]

1. c4 e5 2. Nc3 f5 3. d4 e4 4. Nh3 Nf6 5. e3 Be7 6. Be2 O-O 7. Nf4 c6 8. Qb3
Kh8 9. Bd2 Na6 10. O-O-O Nc7 11. d5 d6 12. f3 Na6 13. Qc2 Nc5 14. b4 Na6 15. a3
cxd5 16. Nfxd5 exf3 17. gxf3 Nc7 18. Nxc7 Qxc7 19. Nb5 Qb6 20. Nd4 Ng8 21. Bd3
Nh6 22. Rhg1 Bf6 23. Bc3 Bd7 24. Rg2 Rae8 25. Qf2 Qc7 26. Rdg1 Re7 27. Kb2 a6
28. e4 b5 29. cxb5 axb5 30. Nxb5 Bxb5 31. Bxf6 Rxf6 32. Bxb5 fxe4 33. Qd4 Rxf3
34. Rc2 Qb8 35. Rgc1 Qxb5 36. Rc8+ Ng8 37. Rxg8+ Kxg8 38. Rc8+ Kf7 0-1

[Event "1617LLO"]
[Site "Mecklenburg-Vorpommern"]
[Date "2017.02.26"]
[Round "6.6"]
[White "Kuehn, Peter"]
[Black "Schmekel, Matthias"]
[Result "0-1"]
[WhiteElo "1793"]
[BlackElo "1527"]
[PlyCount "62"]
[EventDate "2016.11.06"]
[EventType "team-tourn"]
[EventRounds "9"]
[SourceDate "2016.10.16"]
[WhiteTeam "Waren/Malchow"]
[BlackTeam "SAV Torgelow-Droegeheide II"]

1. e4 c5 2. Nf3 e6 3. d4 cxd4 4. Nxd4 Nc6 5. Nc3 Qc7 6. g3 a6 7. Bg2 Nf6 8. Be3
Bb4 9. O-O Ne5 10. Nce2 Nc4 11. Bc1 O-O 12. a3 Bc5 13. b3 e5 14. Nf5 Nd6 15.
Nxd6 Bxd6 16. Bb2 Bc5 17. h3 b5 18. g4 Bb7 19. Ng3 Rad8 20. g5 Ne8 21. b4 Ba7
22. Qe2 g6 23. Rad1 Ng7 24. Bc1 Ne6 25. Qd3 f6 26. gxf6 Rxf6 27. Ne2 Rf7 28.
Be3 Bb8 29. Rc1 Nf4 30. Nxf4 exf4 31. Bd2 f3 0-1

[Event "1617LLO"]
[Site "Mecklenburg-Vorpommern"]
[Date "2017.02.26"]
[Round "6.7"]
[White "Schmidt, Paul"]
[Black "Schreiner, Wolfgang"]
[Result "1-0"]
[WhiteElo "1424"]
[BlackElo "1786"]
[PlyCount "37"]
[EventDate "2016.11.06"]
[EventType "team-tourn"]
[EventRounds "9"]
[SourceDate "2016.10.16"]
[WhiteTeam "SAV Torgelow-Droegeheide II"]
[BlackTeam "Waren/Malchow"]

1. e4 c5 2. d4 cxd4 3. c3 dxc3 4. Nxc3 d6 5. Bc4 Nf6 6. e5 Qc7 7. Bxf7+ Kxf7 8.
exf6 exf6 9. Nd5 Qa5+ 10. b4 Qd8 11. Bf4 Nc6 12. Rc1 Be6 13. Nf3 Rc8 14. O-O g5
15. Nxg5+ fxg5 16. Qh5+ Kg7 17. Bxg5 Be7 18. Nxe7 Nxe7 19. Qh6+ 1-0

[Event "1617LLO"]
[Site "Mecklenburg-Vorpommern"]
[Date "2017.02.26"]
[Round "6.8"]
[White "Wahrmann, Eric"]
[Black "Plock, Joerg"]
[Result "1-0"]
[WhiteElo "1560"]
[BlackElo "1621"]
[PlyCount "75"]
[EventDate "2016.11.06"]
[EventType "team-tourn"]
[EventRounds "9"]
[SourceDate "2016.10.16"]
[WhiteTeam "Waren/Malchow"]
[BlackTeam "SAV Torgelow-Droegeheide II"]

1. d4 d5 2. c4 e6 3. Nc3 Nf6 4. Nf3 Bb4 5. Qc2 O-O 6. e3 Nc6 7. Bd3 Bd7 8. O-O
h6 9. e4 Bxc3 10. bxc3 dxe4 11. Bxe4 Nxe4 12. Qxe4 f5 13. Qd3 Qf6 14. Bf4 Rac8
15. Rfe1 g5 16. Be5 Qf7 17. d5 Ne7 18. d6 cxd6 19. Bxd6 Bc6 20. Ne5 Qf6 21.
Bxe7 Qxe7 22. Ng6 Qd8 23. Qxd8 Rcxd8 24. Nxf8 Rxf8 25. Rxe6 Kg7 26. Rae1 a6 27.
Rd6 Rf6 28. c5 Kf7 29. f3 h5 30. Kf2 g4 31. f4 Bb5 32. g3 Bc6 33. Ke3 Rxd6 34.
cxd6 Ke6 35. Rd1 Bb5 36. Rd4 Bc6 37. Kd3 Bf3 38. d7 1-0

[Event "1617LLO"]
[Site "Mecklenburg-Vorpommern"]
[Date "2017.02.26"]
[Round "6.1"]
[White "Moeller, Peter"]
[Black "Lange, Jannis"]
[Result "1-0"]
[WhiteElo "1962"]
[BlackElo "1778"]
[PlyCount "87"]
[EventDate "2016.11.06"]
[EventType "team-tourn"]
[EventRounds "9"]
[SourceDate "2016.10.16"]
[WhiteTeam "HSG Uni Rostock"]
[BlackTeam "Motor Wolgast"]

1. d4 d5 2. Bf4 e6 3. e3 Nf6 4. Nf3 Bd6 5. Ne5 Nbd7 6. Nd2 Qe7 7. Bd3 c5 8. c3
c4 9. Bc2 Nb6 10. Qf3 Qc7 11. g4 Rf8 12. Qh3 h6 13. Qg2 Nbd7 14. Ndf3 b5 15. a3
g5 16. Bg3 Ne4 17. Nxd7 Bxd7 18. Bxd6 Nxd6 19. h4 O-O-O 20. hxg5 hxg5 21. Nxg5
Rg8 22. Nh7 Rg7 23. Nf6 Ne8 24. Rh7 Rxh7 25. Nxh7 Qd6 26. Ng5 Qe7 27. f4 a5 28.
Nf3 Kb7 29. g5 Nc7 30. Ne5 b4 31. Nxc4 Ka6 32. axb4 dxc4 33. Rxa5+ Kb6 34. e4
Ra8 35. Rxa8 Nxa8 36. Qf1 Bb5 37. Kd2 Qc7 38. Qf2 Kb7 39. f5 Qe7 40. f6 Qf8 41.
Qh4 Qg8 42. e5 Nb6 43. Qh6 Be8 44. Qg7 1-0

[Event "1617LLO"]
[Site "Mecklenburg-Vorpommern"]
[Date "2017.02.26"]
[Round "6.2"]
[White "Tarasow, Alexey"]
[Black "Hammel, Ralf"]
[Result "1/2-1/2"]
[WhiteElo "1861"]
[BlackElo "1928"]
[PlyCount "106"]
[EventDate "2016.11.06"]
[EventType "team-tourn"]
[EventRounds "9"]
[SourceDate "2016.10.16"]
[WhiteTeam "Motor Wolgast"]
[BlackTeam "HSG Uni Rostock"]

1. e4 e6 2. Nc3 d5 3. Nf3 Nf6 4. e5 Nfd7 5. d4 c5 6. dxc5 Nc6 7. Bf4 Bxc5 8.
Bd3 f6 9. exf6 Nxf6 10. O-O O-O 11. Qe2 Nh5 12. Bg5 Nf4 13. Qd2 Qc7 14. Nb5 Qb8
15. Rae1 a6 16. Nc3 Bd6 17. g3 Nxd3 18. Qxd3 Nb4 19. Qe2 Nxc2 20. Qxc2 Rxf3 21.
Qd1 Rf5 22. Be3 Bd7 23. f4 Qc7 24. Ne2 Bb4 25. Nd4 Rf6 26. Bd2 Bxd2 27. Qxd2
Rc8 28. Rc1 Qd6 29. Rxc8+ Bxc8 30. Rc1 Rf8 31. Nf3 Bd7 32. Qd4 Rc8 33. Rxc8+
Bxc8 34. Ne5 b6 35. b4 Qc7 36. Kg2 a5 37. a3 Ba6 38. Qb2 Bc4 39. Qd4 Ba6 40.
Qb2 Bc4 41. Qd4 Bb3 42. Kh3 Bc2 43. b5 Be4 44. Nc6 Qf7 45. g4 Qxf4 46. Qxb6
Qf3+ 47. Kh4 h5 48. Qb8+ Kh7 49. Qg3 Qf6+ 50. g5 Qb2 51. Ne7 Qd4 52. Kh3 Bf5+
53. Nxf5 exf5 1/2-1/2

[Event "1617LLO"]
[Site "Mecklenburg-Vorpommern"]
[Date "2017.02.26"]
[Round "6.4"]
[White "Riebort, Frank"]
[Black "Ivanov, Sergey V"]
[Result "1/2-1/2"]
[WhiteElo "1878"]
[BlackElo "1735"]
[PlyCount "59"]
[EventDate "2016.11.06"]
[EventType "team-tourn"]
[EventRounds "9"]
[SourceDate "2016.10.16"]
[WhiteTeam "Motor Wolgast"]
[BlackTeam "HSG Uni Rostock"]

1. d4 f5 2. c4 Nf6 3. Nc3 e6 4. Bg5 Bb4 5. Qb3 a5 6. a3 a4 7. Qc2 Bxc3+ 8. Qxc3
O-O 9. Nf3 d6 10. e3 b6 11. Be2 Bb7 12. O-O Nbd7 13. Nd2 Qe8 14. Bxf6 Nxf6 15.
f3 e5 16. Rae1 Nd7 17. f4 e4 18. Rf2 Rf6 19. Nf1 Rh6 20. Ng3 Qg6 21. Nf1 Nf6
22. Rc1 Nd7 23. Bd1 c5 24. d5 Qf6 25. Rd2 Qxc3 26. Rxc3 Rf6 27. g4 g6 28. Ng3
Rff8 29. Be2 Bc8 30. g5 1/2-1/2

[Event "1617LLO"]
[Site "Mecklenburg-Vorpommern"]
[Date "2017.02.26"]
[Round "6.5"]
[White "Sager, Bernd"]
[Black "Rosin, Ralf"]
[Result "1-0"]
[WhiteElo "1795"]
[BlackElo "1755"]
[PlyCount "101"]
[EventDate "2016.11.06"]
[EventType "team-tourn"]
[EventRounds "9"]
[SourceDate "2016.10.16"]
[WhiteTeam "HSG Uni Rostock"]
[BlackTeam "Motor Wolgast"]

1. d4 e6 2. c4 f5 3. Nf3 Nf6 4. Nc3 Be7 5. g3 O-O 6. Bg2 c6 7. O-O d5 8. b3 Ne4
9. Qc2 Nd7 10. e3 Nxc3 11. Qxc3 Nf6 12. Ne5 a5 13. a3 Bd7 14. Bb2 Be8 15. f3
Bd6 16. Rfd1 Bh5 17. c5 Bxe5 18. dxe5 Nd7 19. Rd2 b6 20. cxb6 Qxb6 21. Rc2 Rac8
22. Kh1 c5 23. Qd3 Bg6 24. f4 Bf7 25. Rb1 Rfd8 26. Rbc1 Rb8 27. Rc3 a4 28. b4
cxb4 29. axb4 Qxb4 30. Ba3 Qb5 31. Qc2 Qa5 32. Bd6 Rb7 33. Bc7 Rxc7 34. Rxc7
Be8 35. Rc8 Kf7 36. Rxd8 Qxd8 37. Qxa4 Qb6 38. Qd4 Qa5 39. Ra1 Qb6 40. Bf3 Qb5
41. Bh5+ g6 42. Bf3 Kg7 43. Kg2 Qc6 44. Bd1 Qc4 45. Ra7 Kh6 46. Qxc4 dxc4 47.
Kf2 Nb6 48. Re7 Bd7 49. Ke1 c3 50. Bb3 Bc8 51. Rc7 1-0

[Event "1617LLO"]
[Site "Mecklenburg-Vorpommern"]
[Date "2017.02.26"]
[Round "6.7"]
[White "Hantel, Thomas"]
[Black "Schubert, Volker"]
[Result "1-0"]
[WhiteElo "1648"]
[BlackElo "1897"]
[PlyCount "85"]
[EventDate "2016.11.06"]
[EventType "team-tourn"]
[EventRounds "9"]
[SourceDate "2016.10.16"]
[WhiteTeam "HSG Uni Rostock"]
[BlackTeam "Motor Wolgast"]

1. d4 d5 2. c4 c6 3. Nf3 Nf6 4. e3 e6 5. Nc3 Nbd7 6. Bd3 dxc4 7. Bxc4 b5 8. Be2
a6 9. O-O Bd6 10. e4 e5 11. dxe5 Nxe5 12. Nxe5 Bxe5 13. Qxd8+ Kxd8 14. Rd1+ Ke7
15. f3 Nd7 16. Be3 Rd8 17. Rac1 Bb7 18. f4 Bb8 19. Bf3 Ba7 20. Bxa7 Rxa7 21. e5
Nb6 22. b3 Nd5 23. Nxd5+ cxd5 24. Rc7+ Rd7 25. Rxd7+ Kxd7 26. Bxd5 Bxd5 27.
Rxd5+ Ke7 28. Kf2 Rc7 29. Rd2 Rc3 30. g3 a5 31. Kg2 a4 32. bxa4 bxa4 33. Kh3 a3
34. Kg4 g6 35. Kg5 h5 36. f5 gxf5 37. Kxf5 Rf3+ 38. Ke4 Rf1 39. h4 Re1+ 40. Kd4
Ra1 41. Re2 Ke6 42. Kc5 Rf1 43. Re3 1-0

[Event "1617LLO"]
[Site "Mecklenburg-Vorpommern"]
[Date "2017.02.26"]
[Round "6.8"]
[White "Schellner, Ulf"]
[Black "Ernst, Mathias"]
[Result "1/2-1/2"]
[WhiteElo "1630"]
[BlackElo "1687"]
[PlyCount "48"]
[EventDate "2016.11.06"]
[EventType "team-tourn"]
[EventRounds "9"]
[SourceDate "2016.10.16"]
[WhiteTeam "Motor Wolgast"]
[BlackTeam "HSG Uni Rostock"]

1. d4 Nf6 2. c4 g6 3. Nc3 Bg7 4. e4 d6 5. Nf3 O-O 6. Be2 c6 7. O-O Nbd7 8. Bg5
Qc7 9. Qd2 Re8 10. Rac1 e5 11. dxe5 dxe5 12. Ne1 Nc5 13. f3 Bd7 14. Nc2 Rad8
15. Rfd1 Bc8 16. Qe1 Ne6 17. Be3 b6 18. Rxd8 Rxd8 19. Rd1 Rd6 20. Rd2 Qd7 21.
Qd1 Rxd2 22. Bxd2 Nh5 23. Be3 Nhf4 24. Qxd7 Bxd7 1/2-1/2

[Event "1617LLO"]
[Site "Mecklenburg-Vorpommern"]
[Date "2017.02.26"]
[Round "6.1"]
[White "Luethke, Hans Eckart"]
[Black "Rickmann, Niklas"]
[Result "1-0"]
[WhiteElo "2099"]
[BlackElo "1711"]
[PlyCount "109"]
[EventDate "2016.11.06"]
[EventType "team-tourn"]
[EventRounds "9"]
[SourceDate "2016.10.16"]
[WhiteTeam "SSC Graal-Mueritz"]
[BlackTeam "FHSG Stralsund II"]

1. c4 g6 2. Nc3 Bg7 3. d4 d6 4. Nf3 Nf6 5. Bg5 O-O 6. e3 Bf5 7. Be2 h6 8. Bh4
Kh7 9. O-O Nbd7 10. Nd2 Nb6 11. e4 Bd7 12. f4 Ne8 13. Nf3 f6 14. Bg3 Bg4 15.
Nh4 Bxe2 16. Qxe2 f5 17. Rad1 e6 18. d5 Bxc3 19. bxc3 exd5 20. exf5 gxf5 21.
cxd5 Qf6 22. Qd3 Na4 23. Rde1 Ng7 24. Re3 Rae8 25. Rfe1 Nc5 26. Qc2 Rxe3 27.
Rxe3 Ne4 28. Nxf5 Qxf5 29. Qxe4 Qxe4 30. Rxe4 Re8 31. Rxe8 Nxe8 32. Bh4 c6 33.
dxc6 bxc6 34. g4 d5 35. Bf2 a6 36. Kg2 Nf6 37. Kf3 Kg6 38. Bd4 Ne4 39. h4 c5
40. h5+ Kf7 41. Be5 Nd2+ 42. Ke2 Ne4 43. Ke3 Ng3 44. Bd6 Ne4 45. Be5 Ng3 46.
Bb8 Kf6 47. Bc7 Nf1+ 48. Kf2 Nd2 49. Ke2 Ne4 50. Ke3 Ke6 51. Be5 Ng3 52. Bg7
Ne4 53. c4 Nd6 54. cxd5+ Kxd5 55. Bxh6 1-0

[Event "1617LLO"]
[Site "Mecklenburg-Vorpommern"]
[Date "2017.02.26"]
[Round "6.2"]
[White "Manke, Karsten"]
[Black "Van Bentum, Horst"]
[Result "1/2-1/2"]
[WhiteElo "1746"]
[BlackElo "1945"]
[PlyCount "69"]
[EventDate "2016.11.06"]
[EventType "team-tourn"]
[EventRounds "9"]
[SourceDate "2016.10.16"]
[WhiteTeam "FHSG Stralsund II"]
[BlackTeam "SSC Graal-Mueritz"]

1. e4 e5 2. Nf3 Nc6 3. d4 exd4 4. Nxd4 Bc5 5. Be3 Qf6 6. c3 Nge7 7. b4 Bb6 8.
b5 Nxd4 9. Bxd4 Qg6 10. Bxb6 axb6 11. Qf3 O-O 12. Bc4 d6 13. Nd2 Be6 14. O-O
Bxc4 15. Nxc4 Qe6 16. Qe2 Ra4 17. Nd2 Rxa2 18. Rxa2 Qxa2 19. Qd3 Ra8 20. f4 Qe6
21. Nf3 Ra4 22. Re1 Qc4 23. Qc2 Qxb5 24. e5 Qc5+ 25. Kh1 Ra8 26. Ng5 g6 27. Ne4
Qc4 28. exd6 cxd6 29. h3 Nd5 30. Qd2 Kg7 31. Nxd6 Qxc3 32. Qe2 Ra1 33. Rxa1
Qxa1+ 34. Kh2 Nxf4 35. Qe7 1/2-1/2

[Event "1617LLO"]
[Site "Mecklenburg-Vorpommern"]
[Date "2017.02.26"]
[Round "6.3"]
[White "Laser, Dirk"]
[Black "Vietinghoff, Klaus"]
[Result "1-0"]
[WhiteElo "1805"]
[BlackElo "1707"]
[PlyCount "67"]
[EventDate "2016.11.06"]
[EventType "team-tourn"]
[EventRounds "9"]
[SourceDate "2016.10.16"]
[WhiteTeam "SSC Graal-Mueritz"]
[BlackTeam "FHSG Stralsund II"]

1. e4 d6 2. d4 g6 3. Nc3 Bg7 4. Be3 Nf6 5. f3 Nc6 6. Nge2 O-O 7. Qd2 a6 8. g4
b5 9. Ng3 e5 10. Nce2 exd4 11. Nxd4 Ne5 12. Be2 Nc4 13. Bxc4 bxc4 14. O-O-O Qe8
15. g5 Nd7 16. Rhe1 Nc5 17. Bg1 Qa4 18. Re3 Rb8 (18... Nd3+ 19. cxd3 Bxd4) 19.
Ra3 Qe8 20. Qa5 Qe7 21. Nc6 Bxb2+ 22. Kd2 Qxg5+ 23. Be3 Qh4 24. Nxb8 Qxh2+ 25.
Ne2 Bxa3 (25... Bg4) 26. Qxa3 Bb7 27. Bxc5 dxc5 28. Nd7 Rd8 29. Kc1 Rxd7 30.
Rxd7 Qxe2 31. Qc3 f6 32. Qxf6 Qe1+ 33. Rd1 Qe3+ 34. Kb1 1-0